CSGO: Four Letter Players - Statistics

General Stats
  • This quiz has been taken 30 times
  • The average score is 11 of 17
Answer Stats
Team Player % Correct
Jame
96%
Vitality apEX
91%
Outsiders FL1T
91%
G2 Esports NiKo
91%
OG niko
91%
FaZe Clan rain
91%
ropz
91%
fame
87%
FURIA drop
74%
Liquid oSee
57%
Astralis Buzz
48%
Complexity Grim
39%
BIG k1to
39%
F1KU
35%
Fnatic roej
30%
FaNg
22%
IHC sk0R
17%
No matching quizzes found
Score Distribution
Percent of People with Each Score
Percentile by Number Answered
Your Score History
You have not taken this quiz